[Event "DEM U10w 2021"]
[Site "Willingen GER"]
[Date "2021.08.23"]
[Round "2"]
[White "Leistritz, Romina"]
[Black "Bacakova, Klara"]
[Result "0-1"]
[Termination "normal"]
[Board "11"]
[WhiteElo "1047"]
[BlackElo "955"]
[WhiteClock "00:26:14"]
[BlackClock "00:10:57"]
[PlyCount "110"]
[BlackFideId "34605762"]
[EventCountry "GER"]
[EventRounds "11"]
[EventType "swiss"]
[EventDate "2021.08.22"]

1. e4 {[%clk 01:15:56]} {[%emt 00:00:03]} c5 {[%clk 01:15:50]} {[%emt
00:00:10]} 2. d4 {[%clk 01:16:21]} {[%emt 00:00:06]} cxd4 {[%clk 01:16:07]}
{[%emt 00:00:12]} 3. c3 {[%clk 01:16:39]} {[%emt 00:00:12]} dxc3 {[%clk
01:16:27]} {[%emt 00:00:10]} 4. Nxc3 {[%clk 01:17:03]} {[%emt 00:00:05]} e6
{[%clk 01:16:24]} {[%emt 00:00:35]} 5. Nf3 {[%clk 01:17:26]} {[%emt 00:00:07]}
Nc6 {[%clk 01:16:31]} {[%emt 00:00:21]} 6. Bc4 {[%clk 01:17:44]} {[%emt
00:00:13]} a6 {[%clk 01:13:47]} {[%emt 00:03:15]} 7. O-O {[%clk 01:15:31]}
{[%emt 00:02:43]} Bc5 {[%clk 01:12:37]} {[%emt 00:01:39]} 8. Qe2 {[%clk
01:12:53]} {[%emt 00:03:09]} Nge7 {[%clk 01:08:09]} {[%emt 00:04:57]} 9. Bg5
{[%clk 01:09:42]} {[%emt 00:03:41]} O-O {[%clk 01:02:31]} {[%emt 00:06:08]} 10.
Nh4 {[%clk 01:03:51]} {[%emt 00:06:21]} h6 {[%clk 00:59:09]} {[%emt 00:03:52]}
11. Bxh6 {[%clk 00:58:49]} {[%emt 00:05:31]} gxh6 {[%clk 00:56:40]} {[%emt
00:02:59]} 12. Qg4+ {[%clk 00:56:32]} {[%emt 00:02:47]} Kh8 {[%clk 00:53:58]}
{[%emt 00:03:12]} 13. Bd3 {[%clk 00:52:44]} {[%emt 00:04:19]} Rg8 {[%clk
00:51:28]} {[%emt 00:02:59]} 14. Qf3 {[%clk 00:49:18]} {[%emt 00:03:57]} Ne5
{[%clk 00:46:20]} {[%emt 00:05:38]} 15. Qh5 {[%clk 00:48:44]} {[%emt 00:01:05]}
Ng4 {[%clk 00:38:40]} {[%emt 00:08:09]} 16. Nd1 {[%clk 00:43:43]} {[%emt
00:05:31]} Qc7 {[%clk 00:38:22]} {[%emt 00:00:49]} 17. Re1 {[%clk 00:43:16]}
{[%emt 00:00:57]} Qxh2+ {[%clk 00:37:56]} {[%emt 00:00:55]} 18. Kf1 {[%clk
00:43:30]} {[%emt 00:00:16]} Qf4 {[%clk 00:35:57]} {[%emt 00:02:28]} 19. f3
{[%clk 00:42:18]} {[%emt 00:01:44]} Nh2+ {[%clk 00:34:14]} {[%emt 00:02:13]}
20. Ke2 {[%clk 00:42:10]} {[%emt 00:00:38]} Bb4 {[%clk 00:31:19]} {[%emt
00:03:24]} 21. Kf2 {[%clk 00:41:53]} {[%emt 00:00:44]} Bxe1+ {[%clk 00:29:39]}
{[%emt 00:02:13]} 22. Kxe1 {[%clk 00:42:01]} {[%emt 00:00:22]} Qg3+ {[%clk
00:24:49]} {[%emt 00:05:19]} 23. Ke2 {[%clk 00:41:23]} {[%emt 00:01:09]} Qf4
{[%clk 00:21:19]} {[%emt 00:04:00]} 24. Nf2 {[%clk 00:36:29]} {[%emt 00:05:25]}
Qg5 {[%emt 00:06:39]} 25. Qxg5 {[%clk 00:34:29]} hxg5 {[%clk 00:17:49]} {[%emt
00:00:19]} 26. Rh1 {[%clk 00:33:25]} {[%emt 00:01:34]} gxh4 {[%clk 00:17:47]}
{[%emt 00:00:31]} 27. Rxh2 {[%clk 00:33:44]} {[%emt 00:00:12]} Ng6 {[%clk
00:17:35]} {[%emt 00:00:42]} 28. Ke3 {[%clk 00:33:07]} {[%emt 00:01:07]} b5
{[%clk 00:14:15]} {[%emt 00:03:50]} 29. e5 {[%clk 00:31:51]} {[%emt 00:01:47]}
Nxe5 {[%clk 00:13:09]} {[%emt 00:01:35]} 30. Rxh4+ {[%clk 00:31:40]} {[%emt
00:00:40]} Kg7 {[%clk 00:13:16]} {[%emt 00:00:24]} 31. Bc2 {[%clk 00:31:07]}
{[%emt 00:01:04]} Nc4+ {[%clk 00:13:01]} {[%emt 00:00:45]} 32. Ke2 {[%clk
00:30:56]} {[%emt 00:00:41]} Nxb2 {[%clk 00:13:08]} {[%emt 00:00:22]} 33. Rh7+
{[%clk 00:28:05]} {[%emt 00:03:21]} Kf8 {[%clk 00:13:17]} {[%emt 00:00:21]} 34.
Rh5 {[%clk 00:25:27]} {[%emt 00:03:09]} Rxg2 {[%clk 00:13:10]} {[%emt
00:00:35]} 35. Rh8+ {[%clk 00:25:31]} {[%emt 00:00:27]} Ke7 {[%clk 00:12:24]}
{[%emt 00:01:16]} 36. Rh7 {[%clk 00:25:23]} {[%emt 00:00:38]} Bb7 {[%clk
00:10:57]} {[%emt 00:01:57]} 37. Kf1 {[%clk 00:24:50]} {[%emt 00:01:03]} Bxf3
{[%clk 00:10:52]} {[%emt 00:00:35]} 38. Nh3 {[%clk 00:24:31]} {[%emt 00:00:50]}
Rxc2 {[%clk 00:10:47]} {[%emt 00:00:34]} 39. Ng5 {[%clk 00:24:30]} {[%emt
00:00:31]} Bg2+ {[%clk 00:10:34]} {[%emt 00:00:43]} 40. Ke1 {[%clk 00:24:29]}
{[%emt 00:00:32]} Rf8 {[%clk 00:10:20]} {[%emt 00:00:40]} 41. a3 {[%clk
00:24:23]} {[%emt 00:00:40]} Kf6 {[%clk 00:09:47]} {[%emt 00:01:02]} 42. Rh5
{[%clk 00:24:09]} {[%emt 00:00:44]} Kg6 {[%clk 00:09:25]} {[%emt 00:00:52]} 43.
Rh2 {[%clk 00:24:06]} {[%emt 00:00:33]} Kxg5 {[%clk 00:09:35]} {[%emt
00:00:48]} 44. a4 {[%clk 00:23:23]} {[%emt 00:04:51]} bxa4 {[%clk 00:08:57]}
{[%emt 00:01:16]} 45. Rh3 {[%clk 00:23:40]} {[%emt 00:00:39]} Rc1+ {[%clk
00:08:45]} {[%emt 00:00:43]} 46. Kd2 {[%clk 00:23:50]} {[%emt 00:00:20]} Bxh3
{[%clk 00:09:00]} {[%emt 00:00:15]} 47. Kxc1 {[%clk 00:24:01]} {[%emt
00:00:17]} f5 {[%clk 00:09:04]} {[%emt 00:00:28]} 48. Kxb2 {[%clk 00:24:10]}
{[%emt 00:00:21]} a3+ {[%clk 00:09:15]} {[%emt 00:00:19]} 49. Kxa3 {[%clk
00:24:30]} {[%emt 00:00:09]} f4 {[%clk 00:09:36]} {[%emt 00:00:10]} 50. Ka4
{[%clk 00:24:40]} {[%emt 00:00:20]} Rb8 {[%clk 00:09:43]} {[%emt 00:00:23]} 51.
Ka5 {[%clk 00:24:57]} {[%emt 00:00:14]} f3 {[%clk 00:10:05]} {[%emt 00:00:07]}
52. Kxa6 {[%clk 00:25:09]} {[%emt 00:00:18]} f2 {[%clk 00:10:07]} {[%emt
00:00:28]} 53. Ka7 {[%clk 00:25:35]} {[%emt 00:00:04]} Rb2 {[%clk 00:10:16]}
{[%emt 00:00:21]} 54. Ka6 {[%clk 00:25:56]} {[%emt 00:00:09]} f1=Q+ {[%emt
00:00:12]} 55. Ka5 {[%clk 00:26:14]} {[%emt 00:00:08]} Qa1# {[%clk 00:10:57]}
{[%emt 00:00:11]} 0-1

[Event "DEM U10w 2021"]
[Site "Willingen GER"]
[Date "2021.08.23"]
[Round "2"]
[White "Rößler, Helena"]
[Black "Margaryan, Mane"]
[Result "0-1"]
[Termination "normal"]
[Board "12"]
[WhiteElo "1123"]
[BlackElo "893"]
[WhiteClock "00:12:32"]
[BlackClock "00:39:12"]
[PlyCount "188"]
[WhiteFideId "16266692"]
[BlackFideId "16268237"]
[EventCountry "GER"]
[EventRounds "11"]
[EventType "swiss"]
[EventDate "2021.08.22"]

1. e4 {[%clk 01:15:57]} {[%emt 00:00:03]} d5 {[%clk 01:15:56]} {[%emt
00:00:05]} 2. exd5 {[%clk 01:16:20]} {[%emt 00:00:07]} Qxd5 {[%clk 01:16:21]}
{[%emt 00:00:05]} 3. Nc3 {[%clk 01:16:39]} {[%emt 00:00:11]} Qa5 {[%clk
01:16:44]} {[%emt 00:00:07]} 4. d4 {[%clk 01:16:45]} {[%emt 00:00:24]} Nf6
{[%clk 01:16:51]} {[%emt 00:00:23]} 5. Nf3 {[%clk 01:16:28]} {[%emt 00:00:46]}
Bg4 {[%clk 01:17:03]} {[%emt 00:00:18]} 6. Be2 {[%clk 01:16:42]} {[%emt
00:00:16]} e6 {[%clk 01:17:08]} {[%emt 00:00:26]} 7. Bf4 {[%clk 01:14:02]}
{[%emt 00:03:10]} c6 {[%clk 01:16:22]} {[%emt 00:01:16]} 8. Ne5 {[%clk
01:11:05]} {[%emt 00:03:26]} Bxe2 {[%clk 01:15:55]} {[%emt 00:00:56]} 9. Qxe2
{[%clk 01:10:01]} {[%emt 00:01:36]} Bb4 {[%clk 01:14:05]} {[%emt 00:02:20]} 10.
Bd2 {[%clk 01:08:13]} {[%emt 00:02:18]} Nd5 {[%clk 01:12:57]} {[%emt 00:01:38]}
11. Nxd5 {[%clk 01:07:03]} {[%emt 00:01:40]} Bxd2+ {[%clk 01:12:36]} {[%emt
00:00:51]} 12. Qxd2 {[%clk 01:07:04]} {[%emt 00:00:29]} Qxd5 {[%clk 01:12:58]}
{[%emt 00:00:07]} 13. O-O {[%clk 01:06:52]} {[%emt 00:00:43]} O-O {[%clk
01:12:36]} {[%emt 00:00:52]} 14. Qd3 {[%clk 01:05:11]} {[%emt 00:02:11]} Nd7
{[%clk 01:12:32]} {[%emt 00:00:33]} 15. Rfe1 {[%clk 01:04:46]} {[%emt
00:00:56]} Rad8 {[%clk 01:12:08]} {[%emt 00:00:54]} 16. Rad1 {[%clk 01:04:59]}
{[%emt 00:00:18]} Qxa2 {[%clk 01:11:40]} {[%emt 00:00:56]} 17. Qc3 {[%clk
01:03:30]} {[%emt 00:01:59]} Qa6 {[%clk 01:07:05]} {[%emt 00:05:06]} 18. Re3
{[%clk 00:57:10]} {[%emt 00:06:50]} Qb6 {[%clk 01:05:15]} {[%emt 00:02:19]} 19.
Nxd7 {[%clk 00:54:36]} {[%emt 00:03:04]} Rxd7 {[%clk 01:05:21]} {[%emt
00:00:25]} 20. Rg3 {[%clk 00:54:30]} {[%emt 00:00:34]} e5 {[%clk 01:03:11]}
{[%emt 00:02:42]} 21. Qf3 {[%emt 00:03:05]} Rxd4 {[%clk 01:01:45]} {[%emt
00:01:53]} 22. h3 {[%clk 00:49:43]} {[%emt 00:02:44]} Rxd1+ {[%clk 01:01:51]}
{[%emt 00:00:25]} 23. Qxd1 {[%clk 00:49:57]} {[%emt 00:00:16]} Qxb2 {[%clk
01:01:56]} {[%emt 00:00:24]} 24. Rb3 {[%clk 00:49:38]} {[%emt 00:00:50]} Qd4
{[%clk 01:01:22]} {[%emt 00:01:04]} 25. Qxd4 {[%clk 00:49:25]} {[%emt
00:00:43]} exd4 {[%clk 01:01:44]} {[%emt 00:00:08]} 26. Rxb7 {[%clk 00:49:43]}
{[%emt 00:00:12]} Ra8 {[%clk 01:01:44]} {[%emt 00:00:30]} 27. Rd7 {[%clk
00:49:17]} {[%emt 00:00:55]} c5 {[%clk 01:01:24]} {[%emt 00:00:52]} 28. Rc7
{[%clk 00:49:17]} {[%emt 00:00:30]} a5 {[%clk 01:01:12]} {[%emt 00:00:41]} 29.
Rxc5 {[%clk 00:48:22]} {[%emt 00:01:25]} a4 {[%clk 01:01:32]} {[%emt 00:00:10]}
30. Re5 {[%clk 00:48:44]} {[%emt 00:00:08]} a3 {[%clk 01:01:04]} {[%emt
00:00:58]} 31. Re1 {[%clk 00:49:00]} {[%emt 00:00:14]} Kf8 {[%clk 01:00:28]}
{[%emt 00:01:06]} 32. Kh2 {[%clk 00:48:57]} {[%emt 00:00:32]} Re8 {[%clk
00:59:52]} {[%emt 00:01:07]} 33. Ra1 {[%clk 00:47:29]} {[%emt 00:01:57]} Ra8
{[%clk 01:00:04]} {[%emt 00:00:20]} 34. Kg3 {[%clk 00:47:43]} {[%emt 00:00:14]}
Ke7 {[%clk 01:00:26]} {[%emt 00:00:09]} 35. Kf4 {[%clk 00:47:46]} {[%emt
00:00:27]} Kd6 {[%clk 01:00:33]} {[%emt 00:00:23]} 36. Ke4 {[%clk 00:47:58]}
{[%emt 00:00:18]} Kc5 {[%clk 01:00:28]} {[%emt 00:00:36]} 37. Kd3 {[%clk
00:44:26]} {[%emt 00:04:01]} a2 {[%clk 00:58:17]} {[%emt 00:02:41]} 38. c3
{[%clk 00:42:55]} {[%emt 00:02:01]} dxc3 {[%clk 00:57:59]} {[%emt 00:00:48]}
39. Kxc3 {[%clk 00:43:11]} {[%emt 00:00:14]} Ra3+ {[%clk 00:58:24]} {[%emt
00:00:05]} 40. Kb2 {[%clk 00:40:01]} {[%emt 00:03:39]} Ra4 {[%clk 00:56:02]}
{[%emt 00:02:53]} 41. Rc1+ {[%clk 00:37:55]} {[%emt 00:02:32]} Rc4 {[%clk
00:54:59]} {[%emt 00:01:37]} 42. Ra1 {[%clk 00:37:14]} {[%emt 00:01:12]} Ra4
{[%clk 00:54:29]} {[%emt 00:00:59]} 43. Kb3 {[%clk 00:36:42]} {[%emt 00:01:02]}
Kb5 {[%clk 00:54:23]} {[%emt 00:00:36]} 44. f3 {[%emt 00:05:16]} f5 {[%emt
00:01:02]} 45. g3 {[%clk 00:30:01]} {[%emt 00:00:51]} Ra7 {[%clk 00:53:37]}
{[%emt 00:01:17]} 46. f4 {[%clk 00:27:30]} {[%emt 00:03:01]} Rd7 {[%clk
00:53:44]} {[%emt 00:00:24]} 47. Kxa2 {[%clk 00:24:34]} {[%emt 00:03:25]} Rd3
{[%clk 00:53:50]} {[%emt 00:00:25]} 48. Rg1 {[%clk 00:23:22]} {[%emt 00:01:41]}
Ka4 {[%clk 00:53:34]} {[%emt 00:00:46]} 49. Rg2 {[%clk 00:20:17]} {[%emt
00:03:36]} g6 {[%clk 00:52:30]} {[%emt 00:01:32]} 50. Kb2 {[%clk 00:18:13]}
{[%emt 00:02:35]} Rb3+ {[%clk 00:52:28]} {[%emt 00:00:32]} 51. Kc2 {[%clk
00:18:09]} {[%emt 00:00:34]} Ra3 {[%clk 00:52:14]} {[%emt 00:00:44]} 52. Kb2
{[%clk 00:17:09]} {[%emt 00:01:31]} Rb3+ {[%clk 00:52:38]} {[%emt 00:00:07]}
53. Kc2 {[%clk 00:16:47]} {[%emt 00:00:51]} Ka3 {[%clk 00:52:57]} {[%emt
00:00:11]} 54. Kc1 {[%clk 00:16:39]} {[%emt 00:02:17]} Rc3+ {[%clk 00:52:44]}
{[%emt 00:00:42]} 55. Kd2 {[%clk 00:15:32]} {[%emt 00:01:37]} Kb3 {[%clk
00:52:18]} {[%emt 00:00:55]} 56. Ke2 {[%clk 00:15:44]} {[%emt 00:00:15]} Rc2+
{[%clk 00:51:21]} {[%emt 00:01:30]} 57. Kf3 {[%clk 00:11:06]} {[%emt 00:05:08]}
Rxg2 {[%clk 00:51:39]} {[%emt 00:00:14]} 58. Kxg2 {[%clk 00:11:26]} {[%emt
00:00:10]} Kc4 {[%clk 00:51:58]} {[%emt 00:00:11]} 59. Kf3 {[%clk 00:11:02]}
{[%emt 00:00:54]} Kd5 {[%clk 00:52:05]} {[%emt 00:00:23]} 60. g4 {[%clk
00:10:53]} {[%emt 00:00:39]} fxg4+ {[%clk 00:51:28]} {[%emt 00:01:07]} 61. hxg4
{[%clk 00:10:38]} {[%emt 00:00:45]} Ke6 {[%clk 00:51:41]} {[%emt 00:00:16]} 62.
Ke4 {[%clk 00:10:43]} {[%emt 00:00:25]} h6 {[%clk 00:51:29]} {[%emt 00:00:42]}
63. g5 {[%clk 00:09:22]} {[%emt 00:01:52]} h5 {[%clk 00:49:32]} {[%emt
00:02:26]} 64. Kf3 {[%clk 00:09:23]} {[%emt 00:00:30]} Kf5 {[%clk 00:49:42]}
{[%emt 00:00:20]} 65. Ke3 {[%clk 00:07:18]} {[%emt 00:02:32]} Kg4 {[%clk
00:49:14]} {[%emt 00:01:00]} 66. f5 {[%clk 00:05:36]} {[%emt 00:02:11]} Kxf5
{[%clk 00:49:23]} {[%emt 00:00:22]} 67. Kf3 {[%clk 00:05:16]} {[%emt 00:00:50]}
Kxg5 {[%clk 00:49:40]} {[%emt 00:00:13]} 68. Kg3 {[%clk 00:05:24]} {[%emt
00:00:22]} h4+ {[%clk 00:49:53]} {[%emt 00:00:17]} 69. Kh3 {[%clk 00:05:49]}
{[%emt 00:00:06]} Kf4 {[%clk 00:49:23]} {[%emt 00:00:59]} 70. Kxh4 {[%clk
00:06:03]} {[%emt 00:00:16]} g5 {[%clk 00:49:38]} {[%emt 00:00:14]} 71. Kh3
{[%clk 00:06:25]} {[%emt 00:00:09]} Kf3 {[%clk 00:49:45]} {[%emt 00:00:23]} 72.
Kh2 {[%clk 00:06:44]} {[%emt 00:00:10]} g4 {[%clk 00:49:03]} {[%emt 00:01:13]}
73. Kg1 {[%clk 00:07:03]} {[%emt 00:00:11]} Kg3 {[%clk 00:49:10]} {[%emt
00:00:24]} 74. Kf1 {[%clk 00:07:19]} {[%emt 00:00:13]} Kh2 {[%clk 00:49:30]}
{[%emt 00:00:10]} 75. Kf2 {[%clk 00:07:44]} {[%emt 00:00:06]} g3+ {[%clk
00:49:52]} {[%emt 00:00:08]} 76. Kf1 {[%clk 00:08:05]} {[%emt 00:00:08]} g2+
{[%clk 00:50:05]} {[%emt 00:00:17]} 77. Kf2 {[%clk 00:08:30]} {[%emt 00:00:06]}
g1=Q+ {[%emt 00:00:12]} 78. Kf3 {[%clk 00:08:45]} {[%emt 00:00:11]} Kh3 {[%clk
00:49:43]} {[%emt 00:01:13]} 79. Kf4 {[%clk 00:09:11]} {[%emt 00:00:04]} Kh4
{[%clk 00:49:39]} {[%emt 00:00:35]} 80. Kf5 {[%clk 00:09:21]} {[%emt 00:00:19]}
Kh5 {[%clk 00:49:26]} {[%emt 00:00:42]} 81. Kf6 {[%clk 00:09:44]} {[%emt
00:00:08]} Kh6 {[%clk 00:49:35]} {[%emt 00:00:22]} 82. Kf7 {[%clk 00:10:07]}
{[%emt 00:00:07]} Kh7 {[%clk 00:49:43]} {[%emt 00:00:21]} 83. Kf6 {[%clk
00:10:18]} {[%emt 00:00:20]} Qg6+ {[%clk 00:47:26]} {[%emt 00:02:46]} 84. Ke5
{[%clk 00:10:29]} {[%emt 00:00:19]} Qf7 {[%clk 00:47:34]} {[%emt 00:00:21]} 85.
Kd6 {[%clk 00:09:53]} {[%emt 00:01:07]} Qe8 {[%clk 00:47:05]} {[%emt 00:00:59]}
86. Kc7 {[%clk 00:10:14]} {[%emt 00:00:09]} Kg7 {[%clk 00:46:29]} {[%emt
00:01:06]} 87. Kd6 {[%clk 00:10:28]} {[%emt 00:00:16]} Kf7 {[%clk 00:45:38]}
{[%emt 00:01:21]} 88. Kc7 {[%clk 00:10:49]} {[%emt 00:00:10]} Qe6 {[%clk
00:43:48]} {[%emt 00:02:19]} 89. Kd8 {[%clk 00:11:04]} {[%emt 00:00:15]} Qe7+
{[%clk 00:41:35]} {[%emt 00:02:44]} 90. Kc8 {[%clk 00:11:22]} {[%emt 00:00:12]}
Ke8 {[%clk 00:41:24]} {[%emt 00:00:39]} 91. Kb8 {[%clk 00:11:42]} {[%emt
00:00:11]} Kd8 {[%clk 00:40:18]} {[%emt 00:01:35]} 92. Ka8 {[%clk 00:11:57]}
{[%emt 00:00:16]} Qb4 {[%clk 00:39:50]} {[%emt 00:00:58]} 93. Ka7 {[%clk
00:12:16]} {[%emt 00:00:11]} Kc7 {[%clk 00:39:31]} {[%emt 00:00:49]} 94. Ka8
{[%clk 00:12:32]} {[%emt 00:00:15]} Qb7# {[%clk 00:39:12]} {[%emt 00:00:17]}
0-1

[Event "DEM U10w 2021"]
[Site "Willingen GER"]
[Date "2021.08.23"]
[Round "2"]
[White "Marrufo, Adriana"]
[Black "Ramakrishnan, Veda"]
[Result "0-1"]
[Termination "normal"]
[Board "13"]
[WhiteElo "850"]
[BlackElo "1009"]
[WhiteClock "00:00:52"]
[BlackClock "01:00:29"]
[PlyCount "112"]
[WhiteFideId "34630252"]
[BlackFideId "16269519"]
[EventCountry "GER"]
[EventRounds "11"]
[EventType "swiss"]
[EventDate "2021.08.22"]

1. e4 {[%clk 01:15:48]} {[%emt 00:00:11]} e5 {[%clk 01:15:52]} {[%emt
00:00:09]} 2. Nf3 {[%clk 01:15:11]} {[%emt 00:01:08]} Nc6 {[%clk 01:16:11]}
{[%emt 00:00:12]} 3. Bc4 {[%clk 01:15:03]} {[%emt 00:00:37]} Nf6 {[%clk
01:16:29]} {[%emt 00:00:12]} 4. Ng5 {[%clk 01:14:52]} {[%emt 00:00:40]} d5
{[%clk 01:16:44]} {[%emt 00:00:15]} 5. exd5 {[%clk 01:14:37]} {[%emt 00:00:46]}
b5 {[%clk 01:16:55]} {[%emt 00:00:17]} 6. Bxb5 {[%clk 01:09:42]} {[%emt
00:05:26]} Qxd5 {[%clk 01:17:08]} {[%emt 00:00:16]} 7. Bf1 {[%clk 01:08:49]}
{[%emt 00:01:23]} h6 {[%clk 01:17:08]} {[%emt 00:00:29]} 8. Nf3 {[%clk
01:07:29]} {[%emt 00:01:52]} Bg4 {[%clk 01:17:10]} {[%emt 00:00:27]} 9. Be2
{[%clk 01:06:56]} {[%emt 00:01:02]} Bc5 {[%clk 01:16:26]} {[%emt 00:01:15]} 10.
O-O {[%clk 01:06:02]} {[%emt 00:01:24]} O-O {[%clk 01:16:18]} {[%emt 00:00:38]}
11. h3 {[%clk 01:06:12]} {[%emt 00:00:20]} Bh5 {[%clk 01:16:33]} {[%emt
00:00:15]} 12. Nc3 {[%clk 01:05:09]} {[%emt 00:01:35]} Qd6 {[%clk 01:15:39]}
{[%emt 00:01:21]} 13. d3 {[%clk 01:02:24]} {[%emt 00:03:17]} Rab8 {[%clk
01:14:53]} {[%emt 00:01:16]} 14. Nh2 {[%clk 00:57:38]} {[%emt 00:05:15]} Bg6
{[%clk 01:14:14]} {[%emt 00:01:09]} 15. Bf3 {[%clk 00:55:46]} {[%emt 00:02:22]}
Nd4 {[%clk 01:13:44]} {[%emt 00:01:01]} 16. Rb1 {[%clk 00:54:33]} {[%emt
00:01:43]} Rfe8 {[%clk 01:12:48]} {[%emt 00:01:26]} 17. Ne4 {[%clk 00:46:45]}
{[%emt 00:08:19]} Qe7 {[%clk 01:11:20]} {[%emt 00:01:58]} 18. Nxf6+ {[%clk
00:45:45]} {[%emt 00:01:28]} Qxf6 {[%clk 01:11:20]} {[%emt 00:00:31]} 19. Be4
{[%clk 00:44:40]} {[%emt 00:01:35]} Red8 {[%clk 01:10:35]} {[%emt 00:01:15]}
20. Bxg6 {[%clk 00:42:50]} {[%emt 00:02:20]} Qxg6 {[%clk 01:10:49]} {[%emt
00:00:16]} 21. c3 {[%clk 00:40:50]} {[%emt 00:02:31]} Nb5 {[%clk 01:10:42]}
{[%emt 00:00:38]} 22. Qf3 {[%clk 00:40:07]} {[%emt 00:01:13]} Rxd3 {[%clk
01:09:37]} {[%emt 00:01:35]} 23. Qe2 {[%clk 00:37:28]} {[%emt 00:03:09]} Nxc3
{[%clk 01:09:33]} {[%emt 00:00:33]} 24. Qxe5 {[%clk 00:33:21]} {[%emt
00:04:38]} Nxb1 {[%clk 01:09:27]} {[%emt 00:00:36]} 25. Qxc5 {[%clk 00:31:35]}
{[%emt 00:02:14]} Rxh3 {[%clk 01:05:27]} {[%emt 00:04:26]} 26. Qxc7 {[%clk
00:30:17]} {[%emt 00:01:53]} Rf8 {[%clk 01:05:21]} {[%emt 00:00:38]} 27. Qd7
{[%clk 00:29:29]} {[%emt 00:01:16]} Rh4 {[%clk 01:05:08]} {[%emt 00:00:43]} 28.
Nf3 {[%clk 00:27:56]} {[%emt 00:02:03]} Rg4 {[%clk 01:04:53]} {[%emt 00:00:46]}
29. g3 {[%clk 00:27:39]} {[%emt 00:00:47]} Qe4 {[%clk 01:00:03]} {[%emt
00:05:20]} 30. Nh2 {[%clk 00:26:53]} {[%emt 00:01:15]} Rg6 {[%clk 00:58:19]}
{[%emt 00:02:13]} 31. Be3 {[%clk 00:23:26]} {[%emt 00:03:59]} Qc2 {[%clk
00:57:41]} {[%emt 00:01:09]} 32. Nf3 {[%clk 00:21:52]} {[%emt 00:02:04]} Qxb2
{[%clk 00:55:41]} {[%emt 00:01:29]} 33. Bd4 {[%clk 00:22:02]} {[%emt 00:01:22]}
Qxa2 {[%clk 00:54:42]} {[%emt 00:01:28]} 34. Ne5 {[%clk 00:20:51]} {[%emt
00:01:40]} Re6 {[%clk 00:50:43]} {[%emt 00:04:26]} 35. Qc7 {[%clk 00:20:31]}
{[%emt 00:00:53]} Nd2 {[%clk 00:50:05]} {[%emt 00:01:03]} 36. Rd1 {[%clk
00:19:30]} {[%emt 00:01:37]} Nb3 {[%clk 00:49:48]} {[%emt 00:00:46]} 37. Bc3
{[%clk 00:18:14]} {[%emt 00:01:46]} a5 {[%clk 00:47:16]} {[%emt 00:03:04]} 38.
Qc4 {[%clk 00:11:55]} {[%emt 00:06:46]} Qc2 {[%clk 00:46:26]} {[%emt 00:01:20]}
39. Rd3 {[%clk 00:09:06]} {[%emt 00:03:19]} Rxe5 {[%clk 00:46:21]} {[%emt
00:00:35]} 40. Rd7 {[%clk 00:06:13]} {[%emt 00:03:25]} Rc5 {[%clk 00:45:59]}
{[%emt 00:00:51]} 41. Qg4 {[%clk 00:05:14]} {[%emt 00:01:29]} Qxc3 {[%clk
00:45:26]} {[%emt 00:01:02]} 42. Re7 {[%clk 00:03:01]} {[%emt 00:02:36]} Qc4
{[%clk 00:45:01]} {[%emt 00:01:03]} 43. Qf3 {[%clk 00:01:21]} {[%emt 00:02:09]}
a4 {[%clk 00:44:33]} {[%emt 00:01:00]} 44. Qd1 {[%clk 00:00:43]} {[%emt
00:01:08]} Qc1 {[%clk 00:44:50]} {[%emt 00:00:13]} 45. Qxc1 {[%clk 00:00:37]}
{[%emt 00:00:36]} Rxc1+ {[%clk 00:45:10]} {[%emt 00:00:10]} 46. Kg2 {[%clk
00:00:32]} {[%emt 00:00:35]} a3 {[%emt 00:00:09]} 47. Ra7 {[%clk 00:00:32]}
{[%emt 00:00:28]} Ra1 {[%clk 00:45:53]} {[%emt 00:00:10]} 48. Ra6 {[%clk
00:15:00]} {[%emt 00:00:32]} a2 {[%clk 01:00:10]} {[%emt 00:01:13]} 49. f4
{[%emt 00:08:37]} Nc1 {[%emt 00:02:12]} 50. g4 {[%emt 00:00:39]} Rb1 {[%emt
00:00:16]} 51. g5 {[%clk 00:02:53]} {[%emt 00:01:23]} a1=Q {[%clk 01:00:27]}
{[%emt 00:00:13]} 52. Rxa1 {[%emt 00:00:20]} Rxa1 {[%emt 00:00:07]} 53. gxh6
{[%emt 00:00:20]} Ra3 {[%emt 00:00:10]} 54. hxg7 {[%emt 00:00:37]} Rd8 {[%clk
01:00:41]} {[%emt 00:00:01]} 55. f5 {[%emt 00:00:45]} Rd2+ {[%emt 00:00:11]}
56. Kf1 {[%clk 00:00:52]} {[%emt 00:00:44]} Nb3 {[%clk 01:00:29]} {[%emt
00:00:43]} 0-1